La Suisse pittoresque / (Record no. 16427)

MARC details
000 -LEADER
campo de control de longitud fija 00617nam a2200205 i 4500
001 - NÚMERO DE CONTROL
campo de control 16427
003 - IDENTIFICADOR DE NÚMERO DE CONTROL
campo de control ES-MaACL
007 - CAMPO FIJO DE DESCRIPCIÓN FÍSICA--INFORMACIÓN GENERAL
campo de control de longitud fija t|
008 - DATOS DE LONGITUD FIJA--INFORMACIÓN GENERAL
campo de control de longitud fija 000919s1882 fr ||||1| fre d
080 ## - NÚMERO DE LA CLASIFICACIÓN DECIMAL UNIVERSAL
Número de la Clasificación Decimal Universal 908.494
100 1# - ENTRADA PRINCIPAL--NOMBRE DE PERSONA
Nombre de persona Gourdault, Jules.
9 (RLIN) 59353
245 13 - MENCIÓN DEL TÍTULO
Título La Suisse pittoresque /
Mención de responsabilidad, etc. par Jules Gourdault.
260 ## - PUBLICACIÓN, DISTRIBUCIÓN, ETC.
Lugar de publicación, distribución, etc. Paris :
Nombre del editor, distribuidor, etc. Hachette,
Fecha de publicación, distribución, etc. 1882.
300 ## - DESCRIPCIÓN FÍSICA
Extensión 320 p. :
Otras características físicas il. ;
Dimensiones 24 cm.
490 1# - MENCIÓN DE SERIE
Mención de serie Bibliothèque des écoles et des familles
651 #4 - PUNTO DE ACCESO ADICIONAL DE MATERIA--NOMBRE GEOGRÁFICO
Nombre geográfico Suiza-
Subdivisión general Descripción.
9 (RLIN) 9416
830 0# - PUNTO DE ACCESO ADICIONAL DE SERIE-TÍTULO UNIFORME
Título uniforme Bibliothèque des écoles et des familles
9 (RLIN) 182248
852 ## - LOCALIZACIÓN
Ubicación ES-MaACL
Número de control de estantería G-2166
Sublocalización o colección R.124571
Holdings
Estatus retirado Estado de pérdida Estado de daño No para préstamo Colección Biblioteca de origen Biblioteca actual Ubicación en estantería Fecha de adquisición Fuente de adquisición Total de préstamos Signatura topográfica completa Código de barras Visto por última vez Precio de reemplazo Tipo de ítem Koha
        Libros del s. XIX Biblioteca del Ateneo de Madrid Biblioteca del Ateneo de Madrid Depósito 2 17/01/2008     G-2166 1016689 23/02/2023 23/02/2023 Libro impreso antiguo